Kroky vraha /
Detektivní román je beletristickou prvotinou české žurnalistky a odehrává se v současnosti v jedné z pražských vilových čtvrtí, kde krátce po sobě dojde k vraždám dvou žen.
Uloženo v:
| Série: | Josef Bergman,
část 1 |
|---|---|
| Hlavní autor: | |
| Médium: | E-kniha |
| Jazyk: | Czech |
| Vydáno: |
Praha :
Motto,
2022
|
| Vydání: | Vydání šesté |
| Témata: | |
| Příbuzné jednotky: | Z cyklu::
Josef Bergman |
| Tagy: |
Žádné tagy |
| LEADER | 02769nam a2200433 i 4500 | ||
|---|---|---|---|
| 001 | 311629 | ||
| 003 | CZ PrSKC | ||
| 005 | 20260601215709.0 | ||
| 007 | ta | ||
| 008 | 220421s2022 xr g 000 f cze | ||
| 015 | |a cnb003417619 | ||
| 020 | |a 9788026723103 |q (soubor 2022) : |c Kč 1590,00 | ||
| 020 | |a 978-80-267-2205-2 |q (vázáno) : |c Kč 399,00 | ||
| 035 | |a (OCoLC)1329407601 | ||
| 040 | |a ABG001 |b cze |e rda | ||
| 072 | 7 | |a 821.162.3-3 |x Česká próza |2 Konspekt | |
| 080 | |a 821.162.3-31 |2 MRF | ||
| 080 | |a (0:82-312.4) |2 MRF | ||
| 100 | 1 | |a Klevisová, Michaela, |d 1976- |7 xx0065727 |4 aut | |
| 245 | 1 | 0 | |a Kroky vraha / |c Michaela Klevisová |
| 250 | |a Vydání šesté | ||
| 264 | 1 | |a Praha : |b Motto, |c 2022 | |
| 300 | |a 357 stran ; |c 22 cm | ||
| 336 | |a text |b txt |2 rdacontent | ||
| 337 | |a bez média |b n |2 rdamedia | ||
| 338 | |a svazek |b nc |2 rdacarrier | ||
| 500 | |a Část nákladu distribuována v roce 2022 ve čtyřsvazkovém souboru (Ostrov šedých mnichů, Dům na samotě, Zlodějka příběhů, Kroky vraha) ve společném kartonové pouzdru; ISBN souboru pouze na krabici | ||
| 520 | 2 | |a Detektivní román je beletristickou prvotinou české žurnalistky a odehrává se v současnosti v jedné z pražských vilových čtvrtí, kde krátce po sobě dojde k vraždám dvou žen. |b Psychologicky podbarvený příběh začíná vraždou mladé ženy v dejvickém lesoparku, jejíž motivy policii nepomůže odhalit ani stárnoucí rozvedená novinářka, která s obětí mluvila naposledy. Vyšetřující policista přesto ale cítí, že vražda nějakým způsobem s kultivovanou a poněkud bohémsky založenou novinářkou souvisí, zvláště když zjistí, že oběť se nápadně podobala její dceři. Sousedské soužití v uzavřené vilové čtvrti má svá drobná tajemství a i komplikovaný vztah mezi matkou a dcerou vyvolává pochybnosti, následná druhá vražda ale policistu dramaticky nasměruje na jinou stopu, která po mnoha kličkách nakonec vede k cíli. | |
| 655 | 7 | |a české romány |7 fd133974 |2 czenas | |
| 655 | 7 | |a detektivní romány |7 fd132010 |2 czenas | |
| 655 | 9 | |a Czech fiction |2 eczenas | |
| 655 | 9 | |a detective novels |2 eczenas | |
| 787 | 0 | 8 | |i Z cyklu: |t Josef Bergman |g 1 |
| 900 | |a ABA001 |b 21 | ||
| 928 | 9 | |a Albatros Media - Motto | |
| 044 | |a xr | ||
| 910 | |a RBIT002 | ||
| 998 | |d 358081 |a https://core.palmknihy.cz/api/books/358081/cover?si66dw |b https://core.palmknihy.cz/api/books/358081/cover/400?si66dw |c https://core.palmknihy.cz/api/books/358081/cover/50?si66dw |e 2034-12-31 |g 360 |i 9788026722052 |j https://core.palmknihy.cz/api/books/358081/preview.epub |k https://core.palmknihy.cz/api/books/358081/preview.pdf |l |q 49 |r 1 |s https://www.palmknihy.cz/kniha/358081 |t ebook |y 2022 |z 0 |v Josef Bergman |w 1 | ||
| 999 | |d 311627 | ||